|
|
|
|
| LEADER |
00923nam a22002297a 4500 |
| 001 |
AAL4447 |
| 003 |
BD-DhAAL |
| 005 |
20160322095557.0 |
| 008 |
160322m20001987bg a|||| |||| 00| 0 mul d |
| 020 |
|
|
|a 9840740776
|
| 040 |
|
|
|a BD-DhAAL
|c BD-DhAAL
|
| 082 |
|
|
|a 658
|
| 100 |
|
|
|a চৌধুরী, আবদুল মমিন
|9 18722
|
| 245 |
|
|
|a শিল্প-উদ্যোগ ও ব্যবস্থাপনা /
|c আবদুল মমিন চৌধুরী
|
| 260 |
|
|
|a ঢাকা :
|b বাংলা একাডেমী,
|c ২০০০
|
| 300 |
|
|
|a ৫৬৪ পৃ. :
|b চিত্র ;
|c ২২ সে.মি.
|
| 541 |
|
|
|e 4447
|
| 650 |
|
|
|a Management
|9 18723
|
| 852 |
|
|
|a Savar Campus Library
|c General Shelf
|
| 942 |
|
|
|2 ddc
|c BK
|
| 999 |
|
|
|c 37196
|d 37196
|
| 952 |
|
|
|0 0
|1 0
|2 ddc
|4 0
|6 658_000000000000000_CHO
|7 0
|9 58474
|a SCL
|b SCL
|c GEN
|d 2016-03-22
|g 200.00
|l 0
|o 658 CHO
|p 3020004447
|r 2016-03-22
|t 1
|w 2016-03-22
|y BK
|